| 000 | 01117cas a2200289 i 4500 | ||
|---|---|---|---|
| 022 | 0 | _a2572-3464 | |
| 082 | 1 | 0 |
_a378.1662 _bMAN _cDonation |
| 100 |
_aManhattan Prep _951352 |
||
| 245 | 0 | 0 |
_aManhattan prep _b5 lb. book of GRE practice problems. GRE strategy guide supplement _cManhattan Prep |
| 250 | _a1st ed. | ||
| 500 | _aManhattan Prep GRE Strategy Guides | ||
| 526 |
_a0 _b1 _c0 _d378_166200000000000_MAN |
||
| 650 | 0 |
_aCollege-level examinations _zUnited States _951353 |
|
| 650 | 0 |
_aEducational tests and measurements. _94230 |
|
| 650 | 0 |
_aGraduate Record Examination _951354 |
|
| 650 | 0 | _aMathematics | |
| 650 | 0 |
_aUniversities and colleges _zUnited States _xGraduate work _xExaminations _951355 |
|
| 650 | 0 |
_aVerbal ability _951356 |
|
| 650 | 7 |
_aCollege-level examinations. _951357 |
|
| 650 | 7 |
_aEducational tests and measurements. _94230 |
|
| 650 | 7 |
_aGraduate Record Examination. _951354 |
|
| 650 | 7 |
_aMathematics. _951358 |
|
| 650 | 7 |
_aUniversities and colleges _xGraduate work _xExaminations. _951359 |
|
| 650 | 7 |
_aVerbal ability. _951356 |
|
| 710 | 2 |
_aManhattan Prep (Firm) _951360 |
|
| 942 |
_2ddc _cBK |
||
| 999 |
_c554062 _d554062 |
||